| 000 | 00000nam##2200000za#4500 |
| 001 | 9.569862 |
| 003 | CaOODSP |
| 005 | 20210624181953 |
| 007 | cr ||||||||||| |
| 008 | 150406|2008||||xxc|||||o f|0| 0 eng|d |
| 040 | |aCaOODSP|beng |
| 043 | |an-cn--- |
| 086 | 1 |aNH18-1-2/46-2008E-PDF |
| 110 | 2 |aCanada Mortgage and Housing Corporation. |
| 245 | 10|aHousing persons with an intellectual disability in intentional communities : |h[electronic resource]|bidentifying relevant physical and governance structures, final report / |ca joint project of Saskatoon Housing Initiatives Partnership (SHIP) and Saskatchewan Association for Community Living (SACL). |
| 246 | 1 |iAdditional title (within publication) : |aHabitations pour les personnes ayant une déficience intellectuelle dans les communautés intentionnelles : détermination de structures pertinentes sur le plan de l'aménagement matériel et de l'administration |
| 260 | |aOttawa - Ontario : |bCanada Mortgage and Housing Corporation |cSeptember 2008 (report) ; May 2009 (Research highlight). |
| 300 | |a127p.|bcoloured illus., figs. (some coloured), graphs, map, references, tables, photographs |
| 490 | 1 |aResearch report |
| 500 | |aIncludes: Research highlight (Socio-economic series 09-012, May 2009) under the same title. Y compris: Le point en recherche (Série socio-économique 09-012, Mai 2009) sous le titre «Habitations pour les personnes ayant une déficience intellectuelle dans les communautés intentionnelles : détermination de structures pertinentes sur le plan de l'aménagement matériel et de l'administration». |
| 546 | |a(Le point en recherche en français.) |
| 590 | |a11-25-Supp|b2011-10-31 |
| 710 | 2 |aSaskatoon Housing Initiatives Partnership. |
| 710 | 2 |aSaskatchewan Association for Community Living. |
| 830 | #0|aResearch report (Canada Mortgage and Housing Corporation : Online)|w(CaOODSP)9.506068 |
| 856 | 40|ahttp://publications.gc.ca|qPDF|s2.77 MB|uhttps://publications.gc.ca/collections/collection_2011/schl-cmhc/nh18-1-2/NH18-1-2-46-2008-eng.pdf |